Tornano i Cetra (Record n. 100124)
[ formato base ]
| 000 -LEADER | |
|---|---|
| fixed length control field | 02211njm a2200397Ia 4500 |
| 001 - CONTROL NUMBER | |
| control field | 20791 |
| 003 - CONTROL NUMBER IDENTIFIER | |
| control field | IT-RoPAU |
| 005 - DATE AND TIME OF LATEST TRANSACTION | |
| control field | 20220918181125.0 |
| 008 - FIXED-LENGTH DATA ELEMENTS--GENERAL INFORMATION | |
| fixed length control field | 131025s9999 xx 000 0 und d |
| 040 ## - CATALOGING SOURCE | |
| Original cataloging agency | IT-RoPAU |
| 040 ## - CATALOGING SOURCE | |
| Transcribing agency | IT-RoPAU |
| 041 ## - LANGUAGE CODE | |
| Language code of text/sound track or separate title | ITALIANO |
| 999 ## - SYSTEM CONTROL NUMBERS (KOHA) | |
| Koha Dewey Subclass [OBSOLETE] | n.d. |
| 100 ## - MAIN ENTRY--PERSONAL NAME | |
| Personal name | AA.VV. |
| 9 (RLIN) | 794 |
| 100 ## - MAIN ENTRY--PERSONAL NAME | |
| Relator term | Autore musica |
| 9 (RLIN) | 3496 |
| 100 ## - MAIN ENTRY--PERSONAL NAME | |
| Miscellaneous information | Codice autore musica SPICS: 12000 |
| 9 (RLIN) | 796 |
| 245 ## - TITLE STATEMENT | |
| Title | Tornano i Cetra |
| 250 ## - EDITION STATEMENT | |
| Edition statement | 2a ed. |
| 260 ## - PUBLICATION, DISTRIBUTION, ETC. (IMPRINT) | |
| Place of publication, distribution, etc. | MILANO |
| 260 ## - PUBLICATION, DISTRIBUTION, ETC. (IMPRINT) | |
| Name of publisher, distributor, etc. | FRATELLI FABBRI EDITORI |
| Date of publication, distribution, etc. | 1982 [1a Ed.:1970] |
| 300 ## - PHYSICAL DESCRIPTION | |
| Extent | DISCO |
| 300 ## - PHYSICAL DESCRIPTION | |
| Dimensions | 26 minuti (Testo: pag.) |
| 500 ## - GENERAL NOTE | |
| General note | La canzone italiana. I big degli anni '50. Animali, ricordi, storia di Marcellino, favola del nonno, battello carico di pomodoro, si fa di tutto per una donna, speranza. |
| 505 ## - FORMATTED CONTENTS NOTE | |
| Formatted contents note | Nella vecchia fattoria (3:00) - Vecchia America (4:00) - In un palco della Scala (4:00) - Ricordate Marcellino (4:00) - Aveva un bavero (4:00) - Pummarola boat (3:00) - Donna (3:00) - Raggio di sole (4:00) |
| 511 ## - PARTICIPANT OR PERFORMER NOTE | |
| Participant or performer note | Quartetto Cetra (Il) |
| 650 ## - SUBJECT ADDED ENTRY--TOPICAL TERM | |
| Topical term or geographic name as entry element | CANZONE ITALIAN [DISCHI] |
| Relator term | Codice MATERIA SPICS: 9950 |
| 9 (RLIN) | 3497 |
| 700 ## - ADDED ENTRY--PERSONAL NAME | |
| Personal name | Giacobetti Giovanna (Tata) |
| Miscellaneous information | Codice autore musica SPICS: 13483 |
| Relator term | Autore musica |
| Name of part/section of a work | Nella vecchia fattoria - Ricordate Marcellino - Pummarola boat |
| 9 (RLIN) | 3498 |
| 700 ## - ADDED ENTRY--PERSONAL NAME | |
| Personal name | Savona Virgilio A. |
| Miscellaneous information | Codice autore SPICS: 1568 |
| Relator term | Autore |
| Name of part/section of a work | Nella vecchia fattoria - Ricordate Marcellino - Pummarola boat |
| 9 (RLIN) | 3499 |
| 700 ## - ADDED ENTRY--PERSONAL NAME | |
| Personal name | Kramer Gorni |
| Miscellaneous information | Codice autore testo/musica SPICS: 11552 |
| Relator term | Autore testo/musica |
| Name of part/section of a work | Nella vecchia fattoria - In un palco della Scala - Donna - Raggio di sole |
| 9 (RLIN) | 3500 |
| 700 ## - ADDED ENTRY--PERSONAL NAME | |
| Personal name | Luttazzi Lelio |
| Miscellaneous information | Codice autore testo/musica SPICS: 13480 |
| Relator term | Autore testo/musica |
| Name of part/section of a work | Vecchia America |
| 9 (RLIN) | 3501 |
| 700 ## - ADDED ENTRY--PERSONAL NAME | |
| Personal name | Giovannini Sandro |
| Miscellaneous information | Codice autore musica SPICS: 13634 |
| Relator term | Autore musica |
| Name of part/section of a work | In un palco della Scala - Donna - Raggio di sole |
| 9 (RLIN) | 3502 |
| 700 ## - ADDED ENTRY--PERSONAL NAME | |
| Personal name | Garinei Pietro |
| Miscellaneous information | Codice autore SPICS: 13576 |
| Relator term | Autore |
| Name of part/section of a work | In un palco della Scala - Donna - Raggio di sole |
| 9 (RLIN) | 3503 |
| 700 ## - ADDED ENTRY--PERSONAL NAME | |
| Personal name | Ripa Virgilio |
| Miscellaneous information | Codice autore musica SPICS: 13647 |
| Relator term | Autore musica |
| Name of part/section of a work | Aveva un bavero |
| 9 (RLIN) | 3504 |
| 700 ## - ADDED ENTRY--PERSONAL NAME | |
| Personal name | Panzeri Mario |
| Miscellaneous information | Codice autore testo/musica SPICS: 13372 |
| Relator term | Autore testo/musica |
| Name of part/section of a work | Aveva un bavero |
| 9 (RLIN) | 3505 |
| 942 ## - ADDED ENTRY ELEMENTS (KOHA) | |
| Koha item type | DISCHI |
| Source of classification or shelving scheme | Dewey Decimal Classification |
| Withdrawn status | Lost status | Damaged status | Not for loan | Home library | Current library | Date acquired | Total Checkouts | Full call number | Date last seen | Price effective from | Koha item type | Public note |
|---|---|---|---|---|---|---|---|---|---|---|---|---|
| Buone Condizioni | Not For Loan | SPICS-MEDIATECA | SPICS-MEDIATECA | 25/10/2013 | 20791 | 25/10/2013 | 25/10/2013 | DISCHI | Progr. Ins.: 4094 / N.Vol.: 1 / Copie: 1 - Copia rara: n.d. / date import: 01.01.2014 - By Epidotti, Trombetti, Vaglietti |